Statistics for United States with Two States in Name

Click here to take the quiz!

General Stats

  • This quiz has been taken 45 times
  • The average score is 10 of 10

Answer Stats

States% Correct
New Jersey
100%
New York
100%
New Mexico
98%
North Carolina
98%
South Carolina
98%
West Virginia
98%
North Dakota
95%
South Dakota
95%
New Hampshire
90%
Rhode Island
88%

Score Distribution

Percentile by Number Answered

Percent of People with Each Score

Your Score History

You have not taken this quiz